000 00654nam a2200205 a 4500
999 _c3704
_d3704
001 3704
003 BD-JhCC
005 20171116182851.0
008 171105b1963 bg a|||| |||| 000 0 ben d
035 _a(BD-JhCC)
040 _aBD-JhCC
_dBD-JhCC
041 _aben
082 _a923.1
_bRAS 1963
100 _aরশিদ, হারুন-উর
245 _aছোটদের জর্জ ওয়াশিংটন /
_cহারুন-উর-রশিদ
260 _aঢাকা :
_bআহমদ পাবলিশিং হাউস ;
_c১৯৬৩
300 _a৬৩ পৃ. ;
_c১২ সেমি
650 _aBiography
942 _2ddc
_cBK